00339nam a22001457a 4500003000700000005001700007008004100024020001800065082001500083100001400098245001900112260003700131300000800168650001700176MPLRDC20220104124800.0210129b ||||| |||| 00| 0 eng d a962-257-711-3 a907 HMT-3  a黄蒙田 a敦煌夜话c ab天地图书有限公司c1994 b平 a艺术杂论